Statistics for Taylor Swift Title In The Lyrics

Click here to take the quiz!

General Stats

  • This quiz has been taken 1,942 times
  • The average score is 12 of 19

Answer Stats

HintAnswer% Correct
It's a ____ _____, baby, just say, "Yes".Love Story
93%
But I've got a _____ _____, baby And I'll write your nameBlank Space
92%
The stakes are high, the water's rough, But this love is ____Ours
89%
'Cause we never go out of _____ We never go out of _____Style
86%
___ ____ is the slamming screen door,Our Song
85%
When you think ___ ______ I hope you think of meTim Mcgraw
78%
And I can't ______ without you, But I have to.Breathe
70%
Now it's too late for you and your _____ _____ to come aroundWhite Horse
68%
We found __________, You and I got lost in itWonderland
67%
Can't turn back now, I'm _______Haunted
63%
These hands had to let it go free, And ____ ____ came back to meThis Love
62%
And right there where we stood was ____ _______Holy Ground
58%
You could see it with the lights out, lights out, ___ ___ __ ____, true loveYou Are In Love
56%
And we were dancing, dancing, Like we're made of _________Starlight
54%
And you flashback to when he said _______ ___ ______Forever and Always
48%
This is a _____ __ _____, This is the worthwhile fightState Of Grace
48%
You ________ ____ __, baby, and you might still have meShould've Said No
47%
I hope your life lead you back to my door, Oh, but if it don't, ____ ___________Stay Beautiful
35%
Just try to ______ ____ __, _____ ____ __Never Grow Up
23%

Score Distribution

Percentile by Number Answered

Percent of People with Each Score

Your Score History

You have not taken this quiz